Fr. Conceicao Rodrigues College of Engineering

Resistance welding manual (Record no. 25249)

MARC details
000 -LEADER
fixed length control field 00293nam a2200133Ia 4500
100 ## - MAIN ENTRY--PERSONAL NAME
Personal name Vecchio/ E.J.D.
245 ## - TITLE STATEMENT
Title Resistance welding manual
260 ## - PUBLICATION, DISTRIBUTION, ETC.
Name of publisher, distributor, etc. Risistance welder mfg.
Place of publication, distribution, etc. Philadelphia
Date of publication, distribution, etc. 1969
300 ## - PHYSICAL DESCRIPTION
Extent 625
490 ## - SERIES STATEMENT
Volume/sequential designation 1
546 ## - LANGUAGE NOTE
Language note ENGLISH
654 ## - SUBJECT ADDED ENTRY--FACETED TOPICAL TERMS
Focus term manual
942 ## - ADDED ENTRY ELEMENTS (KOHA)
Koha item type BOOK
Holdings
Withdrawn status Lost status Damaged status Not for loan Collection Home library Current library Date acquired Source of acquisition Cost, normal purchase price Inventory number Total Checkouts Full call number Barcode Date last seen Cost, replacement price Price effective from Koha item type
        AFT Fr. Agnel's C.Rodrigues College of Engineering Fr. Agnel's C.Rodrigues College of Engineering 17/03/2023 UBS 288.00 T-354   AFT3029 17/03/2023 288.00 17/03/2023 BOOK